[Event "Hofheim Spring op-B 5th"]
[Site "Hofheim"]
[Date "2017.04.10"]
[Round "6"]
[White "Maam, Tsendjav"]
[Black "Arnold, Michael"]
[Result "1-0"]
[WhiteElo "1850"]
[BlackElo "1764"]
[PlyCount "61"]
[EventDate "2017.04.07"]
[EventType "swiss"]
[EventRounds "9"]
[EventCountry "GER"]
[SourceTitle "CBM 178 Extra"]
[Source "ChessBase"]
[SourceDate "2017.06.22"]
[SourceVersion "1"]
[SourceVersionDate "2017.06.22"]
[SourceQuality "1"]

1. d4 Nf6 2. c4 c5 3. d5 b5 4. cxb5 a6 5. Nc3 g6 6. e4 d6 7. Nf3 axb5 8. Bxb5+ Bd7 9. Bc4 Bg7 10. 0-0 0-0 11. e5 Ne8 12. e6 fxe6 13. dxe6 Bc6 14. Ng5 Na6 15. Bd5 Qc8 16. Nf7 Nb4 17. Bg5 Bxc3 18. Bxc6 Nxc6 19. bxc3 Qxe6 20. Nh6+ Kg7 21. Re1 Qd7 22. Ng4 Nf6 23. Bh6+ Kg8 24. Bxf8 Nxg4 25. Bxe7 Qf5 26. Bh4 Rf8 27. Qxd6 g5 28. Bg3 Rf6 29. Qd2 h5 30. f3 Nge5 31. Qd5+ 1-0

[Event "Hofheim Spring op-B 5th"]
[Site "Hofheim"]
[Date "2017.04.08"]
[Round "3"]
[White "Gallasch, Jonas"]
[Black "Maam, Tsendjav"]
[Result "1/2-1/2"]
[WhiteElo "1776"]
[BlackElo "1850"]
[PlyCount "114"]
[EventDate "2017.04.07"]
[EventType "swiss"]
[EventRounds "9"]
[EventCountry "GER"]
[SourceTitle "CBM 178 Extra"]
[Source "ChessBase"]
[SourceDate "2017.06.22"]
[SourceVersion "1"]
[SourceVersionDate "2017.06.22"]
[SourceQuality "1"]

1. Nf3 d6 2. d4 Nf6 3. c4 c6 4. Nc3 Bf5 5. Nh4 Bg4 6. Qc2 g6 7. e4 Bg7 8. Be3 0-0 9. h3 Bd7 10. Be2 Na6 11. 0-0 e6 12. Rad1 Nb4 13. Qb1 Ne8 14. Nf3 a5 15. a3 Na6 16. Qc1 Qe7 17. Bh6 f6 18. Rfe1 Nac7 19. Bf4 g5 20. Bg3 h5 21. Na4 Rd8 22. Qc3 b5 23. Nb6 bxc4 24. Bxc4 d5 25. Ba2 dxe4 26. Rxe4 f5 27. Bxc7 Nxc7 28. Ree1 g4 29. Ne5 Bxe5 30. Rxe5 Be8 31. Rde1 Rf6 32. d5 cxd5 33. Nxd5 Nxd5 34. Bxd5 Bf7 35. Qxa5 gxh3 36. Qc3 Qd6 37. Bb3 Rg6 38. Qxh3 Qc6 39. g3 Rd4 40. Qg2 Qb6 41. Qf3 h4 42. Kh2 hxg3+ 43. fxg3 Rdg4 44. Qe3 Qd6 45. Bxe6 Bxe6 46. Rxe6 Rh4+ 47. Kg2 Qd5+ 48. Qf3 Rh2+ 49. Kxh2 Qxf3 50. Rxg6+ Kf7 51. Rge6 Qf2+ 52. Kh3 Qxb2 53. R1e3 Qa1 54. Kh4 Qd4+ 55. Kh3 Qa1 56. Kh4 Qd4+ 57. Kh3 Qa1 1/2-1/2

[Event "Hofheim Spring op-B 5th"]
[Site "Hofheim"]
[Date "2017.04.07"]
[Round "1"]
[White "Michel, Carsten"]
[Black "Maam, Tsendjav"]
[Result "1-0"]
[WhiteElo "1643"]
[BlackElo "1850"]
[PlyCount "133"]
[EventDate "2017.04.07"]
[EventType "swiss"]
[EventRounds "9"]
[EventCountry "GER"]
[SourceTitle "CBM 178 Extra"]
[Source "ChessBase"]
[SourceDate "2017.06.22"]
[SourceVersion "1"]
[SourceVersionDate "2017.06.22"]
[SourceQuality "1"]

1. d4 g6 2. e4 d6 3. Nf3 Bg7 4. Nc3 Nd7 5. Be3 Ngf6 6. h3 0-0 7. Qd2 c6 8. Bh6 Ne8 9. Bxg7 Nxg7 10. Qh6 f6 11. Bc4+ d5 12. exd5 Nb6 13. Bb3 cxd5 14. Qd2 Nc4 15. Bxc4 dxc4 16. 0-0 Be6 17. Rfe1 Bf7 18. Nd1 e6 19. Ne3 b5 20. Rad1 Rc8 21. c3 Rc7 22. a3 Rd7 23. Qe2 Nh5 24. g3 Re8 25. Ng4 Qe7 26. Qe3 g5 27. Nh6+ Kg7 28. Nxf7 Qxf7 29. d5 e5 30. Nd4 Rxd5 31. Nf5+ Kh8 32. Nh6 Qd7 33. Rxd5 Qxd5 34. Qxa7 Rf8 35. Qe3 Ng7 36. Ng4 h5 37. Nh2 Rd8 38. Re2 Qe6 39. Kg2 Qc6+ 40. Qf3 Qe6 41. g4 h4 42. Qe4 Qd5 43. Qxd5 Rxd5 44. Nf3 Ne6 45. Rd2 Nf4+ 46. Kh2 Rd3 47. Rxd3 Nxd3 48. Nd2 Nxb2 49. Ne4 Nd1 50. Kg2 Kg7 51. Kf1 Kg6 52. Ke2 Nb2 53. Nd6 Nd3 54. Kf1 Nc5 55. Nxb5 Na4 56. Ke2 e4 57. Ke3 f5 58. gxf5+ Kxf5 59. Nd6+ Ke5 60. Nxe4 g4 61. hxg4 h3 62. f4+ Kd5 63. g5 Nxc3 64. Nxc3+ Ke6 65. Kf3 Kf5 66. Ne2 h2 67. Kg2 1-0

[Event "Hofheim Spring op-B 4th"]
[Site "Hofheim"]
[Date "2016.04.02"]
[Round "8"]
[White "Maam, Tsendjav"]
[Black "Schwarz, Daniel"]
[Result "0-1"]
[WhiteElo "1882"]
[BlackElo "1503"]
[PlyCount "88"]
[EventDate "2016.03.30"]
[EventType "swiss"]
[EventRounds "9"]
[EventCountry "GER"]
[SourceTitle "EXT 2018"]
[Source "ChessBase"]
[SourceDate "2017.10.13"]
[SourceVersion "1"]
[SourceVersionDate "2017.10.13"]
[SourceQuality "1"]

1. d4 Nf6 2. c4 e6 3. Nc3 Bb4 4. Qc2 d6 5. e4 Nbd7 6. Nf3 0-0 7. Bg5 e5 8. d5 Nc5 9. Nd2 Qe7 10. Be2 Re8 11. 0-0 Bxc3 12. Qxc3 Nfxe4 13. Nxe4 Nxe4 14. Bxe7 Nxc3 15. bxc3 Rxe7 16. a4 a5 17. Rfd1 b6 18. Re1 Bd7 19. Bd1 Ree8 20. Bc2 Rec8 21. Rab1 Rab8 22. f3 c6 23. dxc6 Rxc6 24. Red1 Rxc4 25. Rxd6 Rxc3 26. Bd1 Be8 27. Kf2 Rc6 28. Rd5 Rbc8 29. Rxe5 Rc5 30. Re7 b5 31. axb5 Bxb5 32. Ra7 a4 33. Ra5 Be8 34. Rxc5 Rxc5 35. Rb8 Re5 36. Bxa4 Kf8 37. g4 f6 38. h4 Re7 39. Bb3 g6 40. Kg3 Kg7 41. Bd5 Bf7 42. Be4 Bc4 43. Rc8 Be6 44. Bc2 Bxc8 0-1

[Event "Hofheim Spring op-B 4th"]
[Site "Hofheim"]
[Date "2016.03.30"]
[Round "3"]
[White "Froehlich Dill, Astrid"]
[Black "Maam, Tsendjav"]
[Result "1-0"]
[WhiteElo "1839"]
[BlackElo "1882"]
[PlyCount "129"]
[EventDate "2016.03.30"]
[EventType "swiss"]
[EventRounds "9"]
[EventCountry "GER"]
[SourceTitle "EXT 2018"]
[Source "ChessBase"]
[SourceDate "2017.10.13"]
[SourceVersion "1"]
[SourceVersionDate "2017.10.13"]
[SourceQuality "1"]

1. d4 e6 2. c4 g6 3. Nf3 Bg7 4. Nc3 Nf6 5. e4 d6 6. Bd3 Nc6 7. 0-0 0-0 8. Bf4 Nh5 9. Be3 e5 10. Be2 Nf4 11. Bxf4 exf4 12. Nd5 g5 13. h3 Re8 14. Nc3 h5 15. d5 Ne5 16. Nxe5 Rxe5 17. Bxh5 Qf6 18. Qf3 Bd7 19. Rfe1 a6 20. a4 Rae8 21. Bg4 Bxg4 22. Qxg4 Qg6 23. Kf1 R5e7 24. f3 Bd4 25. h4 gxh4 26. Qxh4 Re5 27. Qxf4 Rh5 28. g4 Rh3 29. Ke2 Be5 30. Qe3 Rh2+ 31. Kd3 Qf6 32. Re2 Rh3 33. Rf1 Bf4 34. Qd4 Qh6 35. Qg1 Rg3 36. Rg2 Rh3 37. Ne2 Be5 38. Nd4 Qf6 39. g5 Qf4 40. Rg4 Bxd4 41. Rxf4 Bxg1 42. Rxg1 Kg7 43. b4 Reh8 44. Rg2 Rh1 45. Rfg4 Ra1 46. a5 Rhh1 47. Rc2 Rh3 48. Rf4 Rb1 49. Kc3 Rhh1 50. c5 dxc5 51. bxc5 Rb5 52. Kd4 Rxa5 53. Rf6 Rg1 54. f4 Rd1+ 55. Ke5 Ra4 56. Re2 Rc4 57. c6 b5 58. Rh6 a5 59. f5 Rdd4 60. f6+ Kg8 61. Rh4 a4 62. Reh2 Rxe4+ 63. Rxe4 Rxe4+ 64. Kxe4 b4 65. d6 1-0